<?xml version="1.0" encoding="UTF-8"?>
<record
    xmlns:xsi="http://www.w3.org/2001/XMLSchema-instance"
    xsi:schemaLocation="http://www.loc.gov/MARC21/slim http://www.loc.gov/standards/marcxml/schema/MARC21slim.xsd"
    xmlns="http://www.loc.gov/MARC21/slim">

  <leader>03437nam a2200337 a 4500</leader>
  <controlfield tag="003">OSt</controlfield>
  <controlfield tag="005">20240729155330.0</controlfield>
  <controlfield tag="007">cr ||||||a|c|a</controlfield>
  <controlfield tag="008">240626s2021    mx a|||fom||| 001 0 spa d</controlfield>
  <datafield tag="040" ind1=" " ind2=" ">
    <subfield code="e">rda</subfield>
  </datafield>
  <datafield tag="100" ind1="1" ind2=" ">
    <subfield code="9">189268</subfield>
    <subfield code="a">Rodr&#xED;guez V&#xE9;lez, Brenda</subfield>
  </datafield>
  <datafield tag="245" ind1="1" ind2="0">
    <subfield code="a">Manejo qu&#xED;mico de malezas y su impacto en el rendimiento de cebolla para bulbo cv. Carta Blanca /</subfield>
    <subfield code="c">por Brenda Rodr&#xED;guez V&#xE9;lez; director de tesis Nahum Marb&#xE1;n Mendoza; secretario Anselmo de Jes&#xFA;s Cabrera Hidalgo; vocal Jos&#xE9; Alfredo Dom&#xED;nguez Valenzuela; suplente Calixto Leopoldo Carrillo Fonseca; suplente Sandra Guadalupe Gonz&#xE1;lez Dom&#xED;nguez.</subfield>
  </datafield>
  <datafield tag="264" ind1=" " ind2="1">
    <subfield code="a">Chapingo, M&#xE9;xico :</subfield>
    <subfield code="b">El autor,</subfield>
    <subfield code="c">2021.</subfield>
  </datafield>
  <datafield tag="300" ind1=" " ind2=" ">
    <subfield code="a">1 recurso en l&#xED;nea (57 p&#xE1;ginas):</subfield>
    <subfield code="b">figuras, cuadros.</subfield>
  </datafield>
  <datafield tag="336" ind1=" " ind2=" ">
    <subfield code="2">rdacontent</subfield>
    <subfield code="a">texto</subfield>
    <subfield code="b">txt</subfield>
  </datafield>
  <datafield tag="337" ind1=" " ind2=" ">
    <subfield code="2">rdamedia</subfield>
    <subfield code="a">computadora</subfield>
    <subfield code="b">c</subfield>
  </datafield>
  <datafield tag="338" ind1=" " ind2=" ">
    <subfield code="2">rdacarrier</subfield>
    <subfield code="a">recurso en l&#xED;nea</subfield>
    <subfield code="b">cr</subfield>
  </datafield>
  <datafield tag="502" ind1=" " ind2=" ">
    <subfield code="b">IAEPA</subfield>
    <subfield code="c">Parasitolog&#xED;a</subfield>
    <subfield code="d">2021.</subfield>
    <subfield code="g">LIC</subfield>
  </datafield>
  <datafield tag="504" ind1=" " ind2=" ">
    <subfield code="a">Incluye referencias bibliogr&#xE1;ficas: p&#xE1;ginas 21-24,43-46.</subfield>
  </datafield>
  <datafield tag="520" ind1=" " ind2=" ">
    <subfield code="a">La presencia de malezas en plantaciones de cebolla (Allium cepa L.) es una de las principales problem&#xE1;ticas para este cultivo debido a que su capacidad competitiva por agua, luz y nutrientes es inferior a la que poseen las malezas, esto afecta su crecimiento y desarrollo, y puede ocasionar disminuciones en el rendimiento y calidad del producto cosechado. En el presente estudio se evalu&#xF3; el efecto de cinco dosis de la mezcla propaquizafop + oxifluorfen (800-1600 mL/ha) y se compar&#xF3; con dos herbicidas convencionales comerciales en el cultivo de cebolla cv. Carta Blanca en Salamanca, Guanajuato. Los tratamientos se distribuyeron bajo un dise&#xF1;o de bloques completos al azar con cuatro repeticiones y se cuantific&#xF3; el grado de infestaci&#xF3;n de malezas antes y despu&#xE9;s de las aplicaciones. Tambi&#xE9;n se evalu&#xF3; la altura de planta, peso y di&#xE1;metro ecuatorial promedio de bulbos totales. La mezcla de propaquizafop + oxifluorfen (1200-1600 mL/ha) es una excelente alternativa para el control de malezas de hoja ancha (Sonchus oleraceus, Simsia amplexicaulis, Physalis acutifolia, Amaranthus sp. e Ipomoea purpurea) y angosta (Echinochloa sp.) en el cultivo de cebolla, ya que reduce considerablemente el n&#xFA;mero y porte de las malezas hasta los 42 dda, en funci&#xF3;n de la dosis aplicada. La mezcla propaquizafop + oxifluorfen provoc&#xF3; un ligero necrosamiento en la punta de las hojas viejas. Este efecto no repercuti&#xF3; gravemente el desarrollo de las plantas de cebolla. La aplicaci&#xF3;n de la mezcla propaquizafop + oxifluorfen (1200-1600 mL/ha) increment&#xF3; significativamente el di&#xE1;metro y peso promedio de los bulbos. La producci&#xF3;n de bulbos de cebolla aument&#xF3; en un 20-30 % en comparaci&#xF3;n con las plantas sin tratar, bajo las condiciones de este estudio.
</subfield>
  </datafield>
  <datafield tag="650" ind1=" " ind2="4">
    <subfield code="9">20784</subfield>
    <subfield code="a">Cebolla</subfield>
    <subfield code="x">Malas hierbas</subfield>
    <subfield code="x">Control</subfield>
  </datafield>
  <datafield tag="650" ind1=" " ind2="0">
    <subfield code="9">174669</subfield>
    <subfield code="a">Herbicidas aplicaci&#xF3;n</subfield>
  </datafield>
  <datafield tag="650" ind1=" " ind2="4">
    <subfield code="9">132171</subfield>
    <subfield code="a">Herbicidas</subfield>
    <subfield code="x">An&#xE1;lisis</subfield>
  </datafield>
  <datafield tag="700" ind1="1" ind2=" ">
    <subfield code="9">71246</subfield>
    <subfield code="a">Marb&#xE1;n Mendoza, N&#xE1;hum</subfield>
    <subfield code="e">Director de tesis.</subfield>
  </datafield>
  <datafield tag="700" ind1="1" ind2=" ">
    <subfield code="9">16669</subfield>
    <subfield code="a">Cabrera Hidalgo, Anselmo de Jes&#xFA;s</subfield>
    <subfield code="e">Secretario.</subfield>
  </datafield>
  <datafield tag="700" ind1="1" ind2=" ">
    <subfield code="9">33907</subfield>
    <subfield code="a">Dom&#xED;nguez Valenzuela, Jos&#xE9; Alfredo</subfield>
    <subfield code="e">Vocal.</subfield>
  </datafield>
  <datafield tag="700" ind1="1" ind2=" ">
    <subfield code="9">19482</subfield>
    <subfield code="a">Carrillo Fonseca, Calixto Leopoldo</subfield>
    <subfield code="e">Suplente.</subfield>
  </datafield>
  <datafield tag="700" ind1="1" ind2=" ">
    <subfield code="9">48859</subfield>
    <subfield code="a">Gonz&#xE1;lez Dom&#xED;nguez, Sandra Guadalupe</subfield>
    <subfield code="e">Suplente.</subfield>
  </datafield>
  <datafield tag="856" ind1=" " ind2=" ">
    <subfield code="u">http://10.13.5.2/tesis/tl/2021_PA_Rodriguez_Velez_Brenda.pdf</subfield>
    <subfield code="z">DESCARGAR PDF</subfield>
  </datafield>
  <datafield tag="942" ind1=" " ind2=" ">
    <subfield code="2">Clasificaci&#xF3;n Universidad Aut&#xF3;noma Chapingo</subfield>
    <subfield code="c">TD</subfield>
  </datafield>
  <datafield tag="999" ind1=" " ind2=" ">
    <subfield code="c">220022</subfield>
    <subfield code="d">220022</subfield>
  </datafield>
  <datafield tag="952" ind1=" " ind2=" ">
    <subfield code="0">0</subfield>
    <subfield code="1">0</subfield>
    <subfield code="2">local</subfield>
    <subfield code="4">0</subfield>
    <subfield code="5">1</subfield>
    <subfield code="7">0</subfield>
    <subfield code="8">TesDigL</subfield>
    <subfield code="a">BD</subfield>
    <subfield code="b">BD</subfield>
    <subfield code="c">E_L</subfield>
    <subfield code="d">2024-06-26</subfield>
    <subfield code="l">0</subfield>
    <subfield code="o">Tesis digital</subfield>
    <subfield code="r">2024-06-26 00:00:00</subfield>
    <subfield code="w">2024-06-26</subfield>
    <subfield code="y">TD</subfield>
  </datafield>
</record>
